000 01325nas a2200409 4500
001 BR2013003953
003 BR-BrBNA
005 20231205122428.0
007 ta
008 230509b bl.|||p| |||| 00| 00por d
040 _aBR-BrBNA
_bpor
_cBiblioteca Nacional de Agricultura
041 _a(Pt)
072 _aL74; L50
100 1 _aMelo, D.C.
100 1 _aOliveira, D.A.A.
100 1 _aMelo, M.M.
100 1 _aV. Júnior, D.
100 1 _aTeixeira, E.A.
100 1 _aGuimarães, S.R.
100 1 _a
100 1 _a
100 1 _a
245 1 _aPerfil proteico de tilápia nilótica chitralada (Oreochromis niloticus), submetida ao estresse crônico por hipóxia
246 1 _aProteic electrophoretic profile of chitralada tilapia nilotic (Oreochromis niloticus), exposed to hypoxia chronic stress
650 _aTILÁPIA
650 _aPEIXE DE ÁGUA DOCE
650 _aANOXIA
650 _aCONDIÇÃO AMBIENTAL
650 _aOXIGÊNIO
650 _aSTRESS
650 _aANÁLISE
650 _aPROTEÍNA
773 0 _tArquivo Brasileiro de Medicina Veterinária e Zootecnia (Brazil)
_xISSN 0102-0935
_g(Oct 2009), v. 61(5) p. 1183-1190
_wBR2013003953
856 4 0 _uhttp://www.scielo.br/pdf/abmvz/v61n5/a22v61n5.pdf
909 _a202311
_bLúcia
_c55
_dLúcia Elande
942 _2AGRIS
_n0
_cANA
999 _c228595
_d228595